The All India Reporter1963 (VOL-50) Suprem Court Section (Record no. 6433)

MARC details
000 -LEADER
fixed length control field 00388nam a22001457a 4500
005 - DATE AND TIME OF LATEST TRANSACTION
control field 20200522114138.0
008 - FIXED-LENGTH DATA ELEMENTS--GENERAL INFORMATION
fixed length control field 200522b xxu||||| |||| 00| 0 eng d
041 ## - LANGUAGE CODE
Language code of text/sound track or separate title eng
082 ## - DEWEY DECIMAL CLASSIFICATION NUMBER
Classification number 345.4 CHO
100 ## - MAIN ENTRY--AUTHOR NAME
Personal name CHOPRA, G.R
245 ## - TITLE STATEMENT
Title The All India Reporter1963 (VOL-50) Suprem Court Section
260 ## - PUBLICATION, DISTRIBUTION, ETC. (IMPRINT)
Place of publication BOMBAY
Name of publisher The All India Reporter Ltd.
Year of publication 1963
300 ## - PHYSICAL DESCRIPTION
Number of Pages 1920p.
942 ## - ADDED ENTRY ELEMENTS (KOHA)
Koha item type Books

No items available.